[Event "Barbera del Valles"]
[Site "XXIX Open"]
[Date "2006.07.11"]
[Round "7"]
[White "Lux, Gregory"]
[Black "Del Valle Cirera, Adria"]
[Result "1-0"]
[WhiteElo "2082"]
[BlackElo "1964"]
[PlyCount "75"]
[EventDate "2006.07.05"]
[SourceDate "2006.07.06"]

1. Nf3 d5 2. b3 c6 3. Bb2 Nd7 4. e3 Qc7 5. d4 e6 6. Bd3 Ngf6 7. O-O Bd6 8. h3
O-O 9. Nbd2 e5 10. dxe5 Nxe5 11. Nxe5 Bxe5 12. Bxe5 Qxe5 13. Nf3 Qh5 14. a4 Re8
15. a5 h6 16. Ra4 Ne4 17. Bxe4 dxe4 18. Nd2 Qg6 19. Kh1 Bf5 20. Rb4 Rad8 21.
Qe2 Bc8 22. Rd4 c5 23. Rxd8 Rxd8 24. Nc4 Be6 25. Rd1 Rxd1+ 26. Qxd1 Bxc4 27.
Qd8+ Kh7 28. bxc4 Qe6 29. Qd5 Qxd5 30. cxd5 Kg8 31. c4 Kf8 32. Kg1 Ke7 33. Kf1
Kd6 34. f3 f5 35. fxe4 fxe4 36. Ke2 b5 37. cxb5 Kxd5 38. a6 1-0

[Event "Barbera del Valles"]
[Site "XXIX Open"]
[Date "2006.07.11"]
[Round "7"]
[White "Macaya Ruiz, Alfons"]
[Black "Fernandez Gonzalez, Julio Honor"]
[Result "1-0"]
[WhiteElo "2051"]
[BlackElo "2079"]
[PlyCount "117"]
[EventDate "2006.07.05"]
[SourceDate "2006.07.06"]

1. d4 Nf6 2. c4 e6 3. Nc3 Bb4 4. e3 O-O 5. a3 Bxc3+ 6. bxc3 b6 7. Bd3 Bb7 8. f3
d6 9. Ne2 Nbd7 10. O-O e5 11. Ng3 g6 12. e4 Ne8 13. f4 exf4 14. Bxf4 Ng7 15.
Qd2 Qe7 16. Rad1 f6 17. Bh6 Rf7 18. Rf2 c5 19. Rdf1 Re8 20. h4 Qe6 21. h5 Qg4
22. Rf4 Qxg3 23. R1f3 Nxh5 24. Rxg3 Nxg3 25. Qc2 Rfe7 26. Qa4 Bxe4 27. Bxe4
Nxe4 28. Rxe4 Rxe4 29. Qxd7 R4e7 30. Qxd6 cxd4 31. cxd4 Re1+ 32. Kh2 R1e6 33.
Qc7 R6e7 34. Qf4 f5 35. Bg5 Re4 36. Qc7 Rf8 37. Bh6 Rh4+ 38. Kg3 Rxh6 39. Qxa7
g5 40. a4 f4+ 41. Kf3 Rg6 42. a5 g4+ 43. Kf2 f3 44. gxf3 bxa5 45. Qxa5 Rxf3+
46. Kg2 Rf8 47. Qd5+ Rf7 48. c5 g3 49. c6 Kg7 50. Qe5+ Kh6 51. d5 Rf2+ 52. Kg1
Rc2 53. Qe3+ Kg7 54. Qd3 Ra2 55. Qc3+ Kh6 56. c7 Rh2 57. c8=Q g2 58. Qf8+ Kh5
59. Qf5+ 1-0

[Event "Barbera del Valles"]
[Site "XXIX Open"]
[Date "2006.07.11"]
[Round "7"]
[White "Chalmeta Ugas, Ramon"]
[Black "Lazaro Porta, Angel"]
[Result "1-0"]
[WhiteElo "2167"]
[BlackElo "2151"]
[PlyCount "59"]
[EventDate "2006.07.05"]
[SourceDate "2006.07.06"]

1. e4 g6 2. d4 Bg7 3. c4 d6 4. Nc3 Nf6 5. f3 O-O 6. Be3 Nbd7 7. Qd2 Re8 8.
O-O-O e5 9. d5 a6 10. Bh6 Bh8 11. h4 Nh5 12. Nge2 Ndf6 13. Bg5 b5 14. g4 b4 15.
gxh5 bxc3 16. Nxc3 h6 17. hxg6 fxg6 18. Bxh6 Nh5 19. Bg5 Qd7 20. Bh3 Qf7 21.
Bg4 Nf4 22. Ne2 Rb8 23. Rdg1 c5 24. h5 Qb7 25. hxg6 Qxb2+ 26. Qxb2 Nd3+ 27. Kc2
Nxb2 28. Rxh8+ Kxh8 29. Bf6+ Kg8 30. Rh1 1-0

[Event "Barbera del Valles"]
[Site "XXIX Open"]
[Date "2006.07.11"]
[Round "7"]
[White "Molinero Martin, Joan"]
[Black "Martinez Balaguer, Josep"]
[Result "1-0"]
[WhiteElo "2103"]
[BlackElo "1937"]
[PlyCount "61"]
[EventDate "2006.07.05"]
[SourceDate "2006.07.06"]

1. e4 c5 2. Nf3 Nc6 3. c3 d5 4. exd5 Qxd5 5. Be2 e5 6. d3 Nf6 7. O-O Be7 8. Bg5
h6 9. Bh4 Bf5 10. Na3 Rd8 11. Qa4 O-O 12. Rad1 Qxa2 13. b3 Qxe2 14. Rd2 Bxd3
15. Rxe2 Bxe2 16. Re1 Bxf3 17. gxf3 a6 18. Nc2 Rd3 19. Qa1 Rxf3 20. Ne3 g5 21.
Bg3 Nh5 22. Nd5 Bd6 23. Qd1 g4 24. Ne3 Nxg3 25. hxg3 Rd8 26. Nxg4 e4 27. Rxe4
Rxc3 28. Nxh6+ Kf8 29. Nxf7 Kxf7 30. Qd5+ Kf6 31. Qe6+ 1-0

[Event "Barbera del Valles"]
[Site "XXIX Open"]
[Date "2006.07.11"]
[Round "7"]
[White "Vila Seuba, Joan Carles"]
[Black "Barbero Sendic, Alejandro"]
[Result "0-1"]
[WhiteElo "1982"]
[BlackElo "2019"]
[PlyCount "78"]
[EventDate "2006.07.05"]
[SourceDate "2006.07.06"]

1. d4 Nf6 2. Nf3 g6 3. Nc3 Bg7 4. e4 d6 5. Bg5 O-O 6. Qd2 c5 7. O-O-O cxd4 8.
Nxd4 a6 9. Be2 b5 10. a3 Bb7 11. f3 Nbd7 12. h4 b4 13. axb4 a5 14. b5 a4 15.
Bh6 a3 16. bxa3 Rxa3 17. Bxg7 Kxg7 18. Nb1 Ra1 19. Nb3 Ra2 20. Nc3 Ra7 21. h5
Qa8 22. hxg6 Nc5 23. Qh6+ Kg8 24. Bc4 d5 25. Nxc5 dxc4 26. Nxb7 Rxb7 27. Nd5
fxg6 28. Qh3 Rf7 29. Qe6 Nxd5 30. Qxd5 c3 31. Qd8+ Rf8 32. Qd5+ e6 33. Qxe6+
Rbf7 34. Qa6 Ra7 35. Rd6 Rxa6 36. Rxa6 Qb7 37. Ra3 Rc8 38. Rb3 Ra8 39. Rb1 Qb6
0-1

[Event "Barbera del Valles"]
[Site "XXIX Open"]
[Date "2006.07.12"]
[Round "8"]
[White "Asis Gargatagli, Hipolit"]
[Black "Narciso Dublan, Marc"]
[Result "1/2-1/2"]
[WhiteElo "2371"]
[BlackElo "2467"]
[PlyCount "35"]
[EventDate "2006.07.05"]
[SourceDate "2006.07.06"]

1. d4 d5 2. c4 e6 3. Nc3 Nf6 4. Nf3 Nbd7 5. Bf4 dxc4 6. e3 Nd5 7. Bxc4 Nxf4 8.
exf4 Be7 9. O-O O-O 10. Qe2 c6 11. Rad1 b5 12. Bb3 b4 13. Ne4 Qa5 14. Ne5 Nxe5
15. dxe5 Ba6 16. Bc4 Bxc4 17. Qxc4 Rfd8 18. Nd6 1/2-1/2

[Event "Barbera del Valles"]
[Site "XXIX Open"]
[Date "2006.07.12"]
[Round "8"]
[White "Gonzalez, Yuri"]
[Black "Epishin, Vladimir"]
[Result "1/2-1/2"]
[WhiteElo "2491"]
[BlackElo "2555"]
[PlyCount "52"]
[EventDate "2006.07.05"]
[SourceDate "2006.07.06"]

1. d4 Nf6 2. c4 e6 3. Nc3 Bb4 4. Qc2 d5 5. a3 Bxc3+ 6. Qxc3 Nbd7 7. cxd5 exd5
8. Bf4 c6 9. Qe3+ Qe7 10. Qxe7+ Kxe7 11. e3 Nf8 12. Bd3 Ng6 13. Bg3 Ne4 14. f3
Nxg3 15. hxg3 Nf8 16. Ne2 h6 17. Kf2 Ne6 18. b4 Bd7 19. a4 a5 20. b5 cxb5 21.
Nc3 Nc7 22. axb5 b6 23. Rhc1 Rhc8 24. Rc2 Kd8 25. Na4 Rab8 26. Rb1 Ne8 1/2-1/2

[Event "Barbera del Valles"]
[Site "XXIX Open"]
[Date "2006.07.12"]
[Round "8"]
[White "Perpinya Rofes, Lluis Maria"]
[Black "De la Paz, Frank"]
[Result "1-0"]
[WhiteElo "2333"]
[BlackElo "2442"]
[PlyCount "55"]
[EventDate "2006.07.05"]
[SourceDate "2006.07.06"]

1. e4 e5 2. Nf3 Nc6 3. Bb5 Bc5 4. c3 Bb6 5. d4 Nf6 6. O-O O-O 7. Bg5 h6 8. Bh4
d6 9. Qd3 Qe7 10. Nbd2 Nb8 11. Rfe1 c6 12. Ba4 Nbd7 13. Nf1 Re8 14. Ng3 Qf8 15.
Bb3 g6 16. Rad1 Qg7 17. Nd2 Nf8 18. Nc4 g5 19. Nxd6 gxh4 20. Bxf7+ Kh7 21. Ngf5
Bxf5 22. exf5 h3 23. Qxh3 Red8 24. dxe5 N6d7 25. f6 Qg5 26. Ne4 Qxe5 27. Qg4
Bxf2+ 28. Kh1 1-0

[Event "Barbera del Valles"]
[Site "XXIX Open"]
[Date "2006.??.??"]
[Round "8"]
[White "Rustemov, Alexander"]
[Black "Cruz, Filemon"]
[Result "1/2-1/2"]
[WhiteElo "2565"]
[BlackElo "2397"]
[PlyCount "47"]
[EventDate "2006.07.05"]
[SourceDate "2006.07.06"]

1. d4 Nf6 2. Nf3 b6 3. e3 e6 4. Bd3 Bb7 5. O-O Be7 6. c4 O-O 7. Nc3 d5 8. cxd5
Nxd5 9. e4 Nxc3 10. bxc3 c5 11. Qe2 cxd4 12. cxd4 Nc6 13. Bb2 Nb4 14. Bc4 Rc8
15. Rfc1 Rxc4 16. Rxc4 Ba6 17. Ne5 Bd6 18. a3 Nd5 19. Nf3 Nf4 20. Qc2 Bxc4 21.
Qxc4 Qa8 22. Re1 Rc8 23. Qb3 Qc6 24. g3 1/2-1/2

[Event "Barbera del Valles"]
[Site "XXIX Open"]
[Date "2006.07.12"]
[Round "8"]
[White "Vehi Bach, Victor"]
[Black "Vilela, Jose Luis"]
[Result "1/2-1/2"]
[WhiteElo "2345"]
[BlackElo "2355"]
[PlyCount "35"]
[EventDate "2006.07.05"]
[SourceDate "2006.07.06"]

1. e4 c5 2. Nf3 e6 3. d4 cxd4 4. Nxd4 a6 5. Bd3 Bc5 6. Nb3 Ba7 7. Nc3 Nc6 8.
Qg4 Nf6 9. Qg3 d6 10. O-O Ne5 11. Kh1 b5 12. Bg5 h6 13. Bd2 g5 14. Be3 Nh5 15.
Qh3 Nf4 16. Qg3 Nh5 17. Qh3 Nf4 18. Qg3 1/2-1/2

[Event "Barbera del Valles"]
[Site "XXIX Open"]
[Date "2006.07.12"]
[Round "8"]
[White "Berrocal Farina, Jorge"]
[Black "Cuartas, Jaime Alexander"]
[Result "1-0"]
[WhiteElo "2317"]
[BlackElo "2466"]
[PlyCount "109"]
[EventDate "2006.07.05"]
[SourceDate "2006.07.06"]

1. e4 c5 2. Nf3 Nc6 3. d4 cxd4 4. Nxd4 Qb6 5. Nb3 Nf6 6. Nc3 e6 7. Be3 Qc7 8.
Bd3 Bb4 9. O-O Bxc3 10. bxc3 d6 11. f4 e5 12. Kh1 Ng4 13. Bg1 exf4 14. Rxf4
Nge5 15. Nd4 Ng6 16. Rf1 O-O 17. Nf5 Nge5 18. Bb5 Rd8 19. Qe1 f6 20. Ba4 Ne7
21. Bb3+ Kh8 22. Qg3 Bxf5 23. exf5 d5 24. Rad1 Rac8 25. Qh4 b6 26. Bd4 N7c6 27.
Rde1 b5 28. a4 bxa4 29. Bxa4 Nxd4 30. cxd4 Nf7 31. Qh5 Nd6 32. Bb3 Nc4 33. Re6
Nb6 34. Rfe1 Rg8 35. Re7 Qf4 36. Rxa7 Qxd4 37. Rae7 Nc4 38. h3 Nd2 39. Rd1 Qc5
40. Qe2 Nxb3 41. cxb3 Rcd8 42. Qe6 Rd6 43. Qf7 Qb5 44. Rd4 Rdd8 45. Qg6 Qf1+
46. Kh2 Qf2 47. Qg4 h6 48. b4 Rc8 49. Rxd5 Rc1 50. Rd8 Qg1+ 51. Kg3 Rc3+ 52.
Kh4 Qf2+ 53. Kh5 Qxf5+ 54. Qxf5 Rxd8 55. Rxg7 1-0

[Event "Barbera del Valles"]
[Site "XXIX Open"]
[Date "2006.07.12"]
[Round "8"]
[White "Garcia Jimenez, Francisco Javier"]
[Black "Gomez Jurado, Luis Alberto"]
[Result "0-1"]
[WhiteElo "2270"]
[BlackElo "2333"]
[PlyCount "24"]
[EventDate "2006.07.05"]
[SourceDate "2006.07.06"]

1. e4 c5 2. Nf3 Nc6 3. d4 cxd4 4. Nxd4 Nf6 5. Nc3 d6 6. Bg5 Bd7 7. Bc4 Qa5 8.
Bxf6 gxf6 9. Nb3 Qb4 10. Nd2 Bh6 11. Bb3 Ne5 12. Qe2 Rg8 0-1